000 00386nam a22001577a 4500
999 _c8876
_d8876
003 OSt
008 200713b ||||| |||| 00| 0 eng d
020 _a9789386827425
100 _aSwain , J.M
245 _aNursing Administration and Management for Nurses
250 _a2018
260 _aNew Delhi
_bCBS Pub.
300 _a327
650 _aPharmacy General Books
942 _2ddc
_cBK